03488aam a2200373 i 45000010008000000030010000080050017000180070003000350080041000380200024000790200027001030350012001300350021001420400035001630410013001980820008002111000032002192450112002512460064003632500019004272640041004463000055004873360027005423370015005693380012005845000022005965050926006185201384015446500026029286500040029547000042029947000039030367000039030751255274CO-MdUADB20250219080523.0ta110907s1977 mx ad fr 1 spa d a9681806239qISBN-10 a9789681806231qISBN-13 a1255274 a(OCoLC)777073801 aCO-MdUADBbspacCO-MdUADBerda1 aspaheng04a6211 aSonntag, Richard Edwineaut10aIntroducción a la termodinámica :bclásica y estadística /cRichard E. Sonntag, Gordon J. Van Wylen11aIntroduction to Thermodynamics :bClassical and Statistical a1.ª edición 1aMéxico :bEditorial Limusa,c1977. a789 páginas :bilustraciones, gráficas, tablas 2rdacontentatextobtxt ano mediado avolumen aIncluye índice.00tPrólogo --t1. Algunos comentarios a guisa de introducción --t2. Conceptos y definiciones --t3. Propiedades de una sustancia pura --t4. Trabajo y calor --t5. Primera ley de la termodinámica --t6. Análisis por la primera para un volumen de control --t7. Segunda ley de la termodinámica --t8. Entropía --t9. Análisis por la segunda ley para un volumen de control --t10. Algunos ciclos de potencia y de refrigeración --t11. Introducción a la termodinámica de la mezclas --t12. Relaciones termodinámicas --t13. Relaciones químicas --t14. Introducción al equilibrio de fases y al químico --t15. Distribuciones moleculares y modelos --t16. Mecánica estadística --t17. Termodinámica estadística --t18. Mecánica cuántica --t19. Propiedades de los gases --t20. Propiedades de los sólidos --tApéndice A: Desarrollos matemáticos --tApéndice B: Tablas y diagramas.3 aHace ya varios años que en las facultades de Ingeniería y Ciencias Aplicadas hay una marcada tendencia a impartir la termodinámica combinando dos puntos de vista: el clásico y el estadístico. En muchos centros de estudio esto ya se ha logrado al integrar, en menor o mayor grado, el material de estudio anteriormente impartido como asignaturas distintas. Los autores de la presente obra tienen el gran mérito de haber seleccionado y reunido en un solo volumen todo el material necesario para dicha integración. Además, han sabido organizar el libro de tal manera que, en cada caso, el maestro puede utilizarlo en clase según su propio criterio y las necesidades de los estudiantes. Desde luego, el objetivo principal es proporcionar una buena introducción tanto a la Termodinámica Clásica como a la Termodinámica Estadística, señalando las relaciones existentes entre el aspecto microscópico y el macroscópico de los fenómenos estudiados. También se hace énfasis en las aplicaciones específicas de la termodinámica en los diferentes campos profesionales. Para cada uno de ellos se dan ejemplos y problemas representativos e interesantes. Por lo anterior, es un texto muy valioso y adecuado para usarlo en distintos cursos de termodinámica que se imparten en las carreras de Ciencias e Ingeniería. (Tomado de la cubierta del libro).17aTermodinámica2lemb17aTermodinámica estadística2lemb1 aVan Wylen, Gordon J.,d1920-2020eaut1 aPaniagua Bocanegra, Franciscoetrl1 aHernández Pagaza, José A.erev